Picture abhi baaki hai : (Record no. 89594)

MARC details
000 -LEADER
fixed length control field 00667nam a22001937a 4500
005 - DATE AND TIME OF LATEST TRANSACTION
control field 20141030122123.0
010 ## - LCCN (DPL NO)
LC control number ENG-111046
020 ## - INTERNATIONAL STANDARD BOOK NUMBER
Terms of availability 499.00
International Standard Book Number 9789350098561
035 ## - SYSTEM CONTROL NUMBER
System control number EN-94578
037 ## - SOURCE OF ACQUISITION
Source of stock number/acquisition DBAD/PUB
082 ## - DEWEY DECIMAL CLASSIFICATION NUMBER
Classification number 791.430954
100 ## - MAIN ENTRY--PERSONAL NAME
Personal name Dwyer, Rachel
245 ## - TITLE STATEMENT
Title Picture abhi baaki hai :
Statement of responsibility, etc by Rachel Dwyer
Remainder of title bollywood as a guide to modern India /
260 ## - PUBLICATION, DISTRIBUTION, ETC. (IMPRINT)
Place of publication, distribution, etc Gurgaon
Name of publisher, distributor, etc Hachette Book Publishing
Date of publication, distribution, etc 2014
270 ## - ADDRESS
City Gurgaon
Postal code 122001
Address 4th & 5th Floors, Corporate Centre, Plot No.94, Sector-44
300 ## - PHYSICAL DESCRIPTION
Extent 295p. :
Dimensions 23cm(pbk)
Other physical details ill.
500 ## - GENERAL NOTE
General note Includes bibliographical references and index
942 ## - ADDED ENTRY ELEMENTS (KOHA)
Source of classification or shelving scheme Dewey Decimal Classification
Item type English Books
Call number suffix DWY
Classification part 791.430954
Holdings
Withdrawn status Lost status Not for loan Collection code Home library Current library Date acquired Source of acquisition Cost, normal purchase price Full call number Barcode Copy number Cost, replacement price Koha item type
    Not For Loan Non-fiction D.B.Act.Division D.B.Act.Division 24/10/2014 DBAD/PUB 499.00 791.430954 DWY EN-94578 1 499.00 English Books

© Delhi Public Library
Hit Counter
free hit counter